Sports Quiz

Random Sports or Baseball Quiz

Opening Day Lineups: Indians Quiz Stats

 Plays Quiz Updated Apr 4, 2019

Score 0/290 Timer 19:00
1 Play Today
year player % Correct
1995Jim Thome
89.4%
1996Jim Thome
89.4%
1997Jim Thome
89.4%
1999Jim Thome
89.4%
2000Jim Thome
89.4%
2001Jim Thome
89.4%
2002Jim Thome
89.4%
2019Jose Ramirez
88.9%
2019Hanley Ramirez
88.4%
1994Manny Ramirez
87.3%
1995Manny Ramirez
87.3%
1996Manny Ramirez
87.2%
1997Manny Ramirez
87.2%
1998Manny Ramirez
87.2%
1999Manny Ramirez
87.2%
2000Manny Ramirez
87.2%
2015Jose Ramirez
86.7%
1994Kenny Lofton
86.5%
1995Kenny Lofton
86.5%
1996Kenny Lofton
86.5%
1998Kenny Lofton
86.5%
1999Kenny Lofton
86.5%
2000Kenny Lofton
86.5%
2001Kenny Lofton
86.5%
2017Jose Ramirez
85.5%
1994Sandy Alomar
84.4%
1996Sandy Alomar
84.4%
1997Sandy Alomar
84.4%
1998Sandy Alomar
84.4%
1999Sandy Alomar
84.4%
2000Sandy Alomar
84.4%
1993Kenny Lofton
84.4%
1992Kenny Lofton
84.4%
1999Roberto Alomar
84.2%
2000Roberto Alomar
84.2%
2001Roberto Alomar
84.2%
2018Jose Ramirez
83.9%
2003C.C. Sabathia
83.1%
2004C.C. Sabathia
83.1%
2006C.C. Sabathia
83.1%
2007C.C. Sabathia
83.1%
2008C.C. Sabathia
83.1%
2006Grady Sizemore
82.2%
2007Grady Sizemore
82.2%
2008Grady Sizemore
82.2%
2009Grady Sizemore
82.2%
1993Sandy Alomar
82.2%
1992Sandy Alomar
82.2%
1991Sandy Alomar
82.2%
2003Travis Hafner
81.2%
2004Travis Hafner
81.2%
2005Travis Hafner
81.2%
2006Travis Hafner
81.2%
2007Travis Hafner
81.2%
2008Travis Hafner
81.2%
2009Travis Hafner
81.2%
1994Omar Vizquel
81.2%
1995Omar Vizquel
81.2%
1996Omar Vizquel
81.2%
1997Omar Vizquel
81.2%
1998Omar Vizquel
81.2%
1999Omar Vizquel
81.2%
2000Omar Vizquel
81.2%
2001Omar Vizquel
81.2%
2002Omar Vizquel
81.2%
2003Omar Vizquel
81.2%
2004Omar Vizquel
81.2%
2019Corey Kluber
80.9%
2010Grady Sizemore
80%
2004Victor Martinez
79.8%
2005Victor Martinez
79.8%
2006Victor Martinez
79.8%
2007Victor Martinez
79.8%
2008Victor Martinez
79.8%
2009Victor Martinez
79.8%
2016Corey Kluber
79.5%
2017Corey Kluber
79.5%
1994Dennis Martinez
79.4%
1995Dennis Martinez
79.4%
1996Dennis Martinez
79.4%
2017Francisco Lindor
79.4%
1994Albert Belle
79.2%
1995Albert Belle
79.2%
1996Albert Belle
79.2%
2010Travis Hafner
79.1%
2009Cliff Lee
78.9%
2015Corey Kluber
78.4%
2018Francisco Lindor
77.5%
1993Albert Belle
77.3%
1992Albert Belle
77.3%
1991Albert Belle
77.3%
2016Francisco Lindor
77.1%
1993Carlos Martinez
76.9%
2018Corey Kluber
76.6%
2014Carlos Santana
76.5%
2019Carlos Santana
76.2%
2012Travis Hafner
76.2%
year player % Correct
2013Carlos Santana
76.1%
2015Carlos Santana
76%
2012Carlos Santana
75.6%
2016Carlos Santana
75.5%
2019Leonys Martin
75.2%
2015Jason Kipnis
74.6%
2016Jason Kipnis
74.5%
2014Jason Kipnis
74.1%
2017Carlos Santana
73.6%
2013Jason Kipnis
73%
2012Jason Kipnis
71.3%
2014Michael Brantley
71%
2012Asdrubal Cabrera
70.9%
2015Michael Brantley
70.8%
2013Asdrubal Cabrera
70.4%
2018Jason Kipnis
70.1%
2008Asdrubal Cabrera
69.9%
2009Asdrubal Cabrera
69.9%
2013Michael Brantley
69.2%
2014Asdrubal Cabrera
68.4%
2017Michael Brantley
68.3%
2010Asdrubal Cabrera
68.3%
2016Yan Gomes
68.2%
2012Michael Brantley
68.1%
2017Yan Gomes
67.6%
2015Yan Gomes
67.5%
2017Edwin Encarnacion
67.1%
2014Yan Gomes
65.8%
2018Edwin Encarnacion
65.4%
2018Yan Gomes
64.7%
2016Rajai Davis
64.5%
1994Carlos Baerga
64.4%
1995Carlos Baerga
64.4%
1996Carlos Baerga
64.4%
1993Carlos Baerga
62.9%
1992Carlos Baerga
62.9%
1991Carlos Baerga
62.9%
2019Roberto Perez
62.7%
1997Charles Nagy
60%
1998Charles Nagy
60%
2016Mike Napoli
58.5%
1993Charles Nagy
58.4%
1992Charles Nagy
58.4%
2009Shin-Soo Choo
57.7%
2013Nick Swisher
57.6%
1998Travis Fryman
56.9%
1999Travis Fryman
56.9%
2000Travis Fryman
56.9%
2002Travis Fryman
56.9%
1997Matt Williams
56.5%
2010Shin-Soo Choo
56.2%
1997David Justice
56%
1999David Justice
56%
2000David Justice
56%
2013Michael Bourn
55.9%
2015Lonnie Chisenhall
55.5%
2014Nick Swisher
55.4%
2011Travis Hafner
54.6%
2005Jhonny Peralta
54%
2006Jhonny Peralta
54%
2007Jhonny Peralta
54%
2008Jhonny Peralta
54%
2009Jhonny Peralta
54%
2001Juan Gonzalez
53.6%
2013Lonnie Chisenhall
53.5%
2010Jhonny Peralta
52.3%
2012Shin-Soo Choo
51.8%
2015Michael Bourn
51.1%
2011Carlos Santana
51%
2013Justin Masterson
50.6%
2010Michael Brantley
50.5%
2012Justin Masterson
50.5%
2019Tyler Naquin
50.4%
2011Asdrubal Cabrera
50.2%
2011Orlando Cabrera
49.9%
1994Eddie Murray
49.2%
1995Eddie Murray
49.2%
1996Eddie Murray
49.2%
2018Lonnie Chisenhall
48.9%
2014Justin Masterson
48.4%
2005Jake Westbrook
48.3%
2000Bartolo Colon
47.5%
2001Bartolo Colon
47.5%
2002Bartolo Colon
47.5%
2010Jake Westbrook
47.3%
2017Tyler Naquin
46.4%
2003Casey Blake
45.3%
2004Casey Blake
45.3%
2005Casey Blake
45.3%
2006Casey Blake
45.3%
2007Casey Blake
45.3%
2008Casey Blake
45.3%
2018Tyler Naquin
44.9%
2018Yonder Alonso
44.8%
2017Yandy Diaz
44.2%
2011Michael Brantley
44%
1997Marquis Grissom
43.5%
year player % Correct
1995Paul Sorrento
42.2%
1993Paul Sorrento
41.1%
1992Paul Sorrento
41.1%
2000Richie Sexson
40.9%
2018Bradley Zimmer
39.3%
2016Juan Uribe
39%
2019Brad Miller
38.6%
2011Shin-Soo Choo
38.1%
2004Coco Crisp
37.8%
2005Coco Crisp
37.8%
2016Marlon Byrd
35.5%
1995Tony Pena
35%
2002Milton Bradley
34.8%
2003Milton Bradley
34.8%
2010Matt LaPorta
34.4%
2005Jose Hernandez
34.1%
1999Jaret Wright
34.1%
2003Brandon Phillips
33.9%
2006Eduardo Perez
33.9%
2011Fausto Carmona
33.4%
2001Einar Diaz
33.4%
2002Einar Diaz
33.4%
2004Ronnie Belliard
33.3%
2005Ronnie Belliard
33.3%
2006Ronnie Belliard
33.3%
2013Mark Reynolds
33.1%
1998Enrique Wilson
32.9%
2005Aaron Boone
32.5%
2006Aaron Boone
32.5%
2014David Murphy
32.3%
2007Trot Nixon
31.9%
2019Jake Bauers
31.5%
2001Ellis Burks
31.3%
2002Ellis Burks
31.3%
2003Ellis Burks
31.3%
1996Julio Franco
30.8%
1997Julio Franco
30.8%
2004Ben Broussard
30.2%
2005Ben Broussard
30.2%
2002Matt Lawton
30%
2003Matt Lawton
30%
2004Matt Lawton
30%
2009Kelly Shoppach
30%
2001Russell Branyan
29.8%
2002Russell Branyan
29.8%
2014Nyjer Morgan
29.6%
2008Ryan Garko
29%
2017Abraham Almonte
28.1%
2007Andy Marte
28%
1993Glenallen Hill
27.8%
1992Glenallen Hill
27.8%
2013Drew Stubbs
27.8%
2012Jack Hannahan
27.7%
1993Felix Fermin
27.6%
1991Felix Fermin
27.6%
2014Ryan Raburn
27.3%
2008Franklin Gutierrez
27.3%
2012Casey Kotchman
27.1%
2002Ricky Gutierrez
27.1%
2012Shelley Duncan
26.4%
2015Ryan Raburn
26.1%
1994Mark Lewis
25.8%
2015Brandon Moss
25.8%
2006Jason Michaels
25.5%
2008Jason Michaels
25.5%
1992Mark Lewis
25.5%
2010Lou Marson
25.5%
1992Brook Jacoby
25.3%
1991Brook Jacoby
25.3%
2011Matt LaPorta
24.7%
2016Collin Cowgill
24.3%
2019Eric Stamets
24%
2003Karim Garcia
23.9%
2007Josh Barfield
23.2%
1991Alex Cole
22.9%
2004Jody Gerut
22.2%
1992Mark Whiten
22%
2009Mark DeRosa
21.3%
1991Chris James
21%
1991Greg Swindell
20.5%
2009Ben Francisco
20.5%
1993Reggie Jefferson
20.3%
1994Candy Maldonado
20.2%
2007David Dellucci
20.1%
2003Josh Bard
19.9%
2011Jack Hannahan
19.9%
1991Jerry Browne
19.6%
1999Wil Cordero
19.2%
2001Wil Cordero
19.2%
1997Kevin Mitchell
18.8%
2010Mark Grudzielanek
18.6%
1998Shawon Dunston
17.3%
2011Austin Kearns
16.1%
1998Geronimo Berroa
15.1%
1998Jeff Manto
13.9%
1991Mitch Webster
12.9%

You're not logged in!

Compare scores with friends on all Sporcle quizzes.
OR
Log In

Sporcle TV

Today on Sporcle TV


Watch our educational content, quiz creation guides, and fun videos on Sporcle TV.

Show Comments

Extras

Top Quizzes Today


Score Distribution

Your Account Isn't Verified!

In order to create a playlist on Sporcle, you need to verify the email address you used during registration. Go to your Sporcle Settings to finish the process.

Report this User

Report this user for behavior that violates our Community Guidelines.

Details: